[Event "Landesklasse Ost 2024/25"]
[Site "?"]
[Date "2025.01.19"]
[Round "5.7"]
[White "Heine, Robert"]
[Black "Filter, Robert"]
[Result "1/2-1/2"]
[WhiteElo "1547"]
[BlackElo "1685"]
[PlyCount "56"]
[EventDate "2024.09.15"]
[EventType "team-tourn"]
[EventRounds "9"]
[WhiteTeam "Schachklub Weida"]
[BlackTeam "SV Schott Jena 2"]

1. d4 Nf6 2. Nf3 e6 3. e3 c5 4. c3 Nc6 5. Bd3 d5 6. Nbd2 Be7 7. Bc2 O-O 8. O-O b6 9. e4 dxe4 10. Nxe4 cxd4 11. Nxd4 Nxd4 12. cxd4 Bb7 13. Nxf6+ Bxf6 14. Be3 Qd5 15. Qg4 Rac8 16. Bb3 Qe4 17. Qxe4 Bxe4 18. Rfd1 Bc2 19. Bxc2 Rxc2 20. Rab1 Rfc8 21. Kf1 Kf8 22. Ke1 Ke7 23. Rd2 Kd6 24. Rxc2 Rxc2 25. Kd1 Rc8 26. Kd2 Kd5 27. Kd3 g6 28. b3 h5 1/2-1/2

[Event "Landesklasse Ost 2024/25"]
[Site "?"]
[Date "2025.01.19"]
[Round "5.8"]
[White "Falk, Peter"]
[Black "Lehmann, Volkhard"]
[Result "1/2-1/2"]
[WhiteElo "1502"]
[BlackElo "1563"]
[PlyCount "47"]
[EventDate "2024.09.15"]
[EventType "team-tourn"]
[EventRounds "9"]
[WhiteTeam "SV Schott Jena 2"]
[BlackTeam "Schachklub Weida"]

1. e4 c5 2. Bc4 e6 3. Nc3 a6 4. a4 Nc6 5. Nf3 Be7 6. d4 cxd4 7. Nxd4 Bb4 8. Nxc6 Bxc3+ 9. bxc3 bxc6 10. Bf4 d5 11. exd5 cxd5 12. Be2 Ne7 13. O-O Ng6 14. Bg3 O-O 15. Rb1 Bd7 16. Qd4 Qa5 17. Rb4 Rfc8 18. Rfb1 h6 19. Bd3 Qc5 20. Qxc5 Rxc5 21. Rb8+ Rc8 22. Rxa8 Rxa8 23. a5 Bc8 24. Bd6 1/2-1/2

[Event "Landesklasse West 2024/25"]
[Site "?"]
[Date "2025.01.19"]
[Round "5.1"]
[White "Kurze, Christoph"]
[Black "Königsmann, Marcus"]
[Result "0-1"]
[WhiteElo "1954"]
[BlackElo "1921"]
[PlyCount "66"]
[EventDate "2024.09.15"]
[EventType "team-tourn"]
[EventRounds "9"]
[WhiteTeam "SV Ammern"]
[BlackTeam "SC 1951 Nordhausen"]

{[%evp 0,66,32,23,77,62,60,71,74,63,71,65,65,60,63,49,68,44,37,27,51,20,41,-24,-13,-28,0,-45,-37,-59,-62,-45,8,-40,-11,-5,-31,-88,-78,-85,-67,-103,-65,-128,-62,-63,-56,-85,-56,-50,-191,-249,-230,-676,-736,-780,-782,-873,-888,-840,-920,-1314,-1341,-1409,-1162,-1407,-1583,-29997,-29998]} 1. d4 f5 2. Nf3 Nf6 3. g3 g6 4. Bg2 Bg7 5. O-O O-O 6. c4 d6 7. Nc3 c6 8. Qc2 Na6 9. a3 Qe8 10. b4 e5 11. b5 Nc7 12. bxc6 bxc6 13. Rb1 e4 14. Ng5 h6 15. Nh3 Ne6 16. Rd1 Ng4 17. e3 g5 18. a4 Ba6 19. Ba3 Rd8 20. a5 Qh5 21. Rdc1 Nxh2 22. Kxh2 g4 23. Ne2 gxh3 24. Bxh3 f4 25. exf4 Ng5 26. fxg5 Rxf2+ 27. Kg1 Rxe2 28. Be6+ Kh8 29. Qxe2 Qxe2 30. Rb3 Bxd4+ 31. Kh1 e3 32. Bh3 Bxc4 33. Rb7 Bd5+ 0-1

[Event "Landesklasse West 2024/25"]
[Site "?"]
[Date "2025.01.19"]
[Round "5.2"]
[White "Kuntze, Andreas"]
[Black "Salaske, Peter"]
[Result "1-0"]
[WhiteElo "2022"]
[BlackElo "1833"]
[PlyCount "81"]
[EventDate "2024.09.15"]
[EventType "team-tourn"]
[EventRounds "9"]
[WhiteTeam "SC 1951 Nordhausen"]
[BlackTeam "SV Ammern"]

{[%evp 0,81,22,29,30,20,43,28,65,61,91,78,58,41,25,24,64,20,77,84,74,22,75,61,61,75,79,71,75,19,74,61,132,94,145,146,128,149,106,132,153,149,222,94,86,64,91,-75,-75,-88,-47,-102,-80,-109,-103,-178,-6,-98,-87,-83,157,108,122,-13,-8,2,2,0,0,10,5,0,320,0,0,-52,0,0,61,-66,79,0,990,1014]} 1. d4 e6 2. Nc3 d5 3. Bf4 c6 4. e3 f5 5. g4 Nf6 6. g5 Ne4 7. Nxe4 dxe4 8. f3 Qb6 9. fxe4 Qxb2 10. exf5 exf5 11. Nf3 Nd7 12. Bd3 Qc3+ 13. Kf2 Nb6 14. Qe2 Nd5 15. Be5 Qa3 16. c4 Ne7 17. Rab1 Ng6 18. Rb3 Qa5 19. Bg3 Be7 20. h4 O-O 21. Bf4 Nxf4 22. exf4 Bd6 23. c5 Bxf4 24. Bc4+ Kh8 25. g6 Bd7 26. Qb2 Rae8 27. Bf7 Be6 28. Rxb7 Bxf7 29. gxf7 Rc8 30. Re1 Qd8 31. Rxa7 Rc7 32. Qb6 Rfxf7 33. Rxc7 Rxc7 34. a4 h6 35. Re6 Qd5 36. Re8+ Kh7 37. a5 Qa2+ 38. Re2 Qa1 39. h5 Qa4 40. d5 cxd5 41. Qg6+ 1-0

[Event "Landesklasse West 2024/25"]
[Site "?"]
[Date "2025.01.19"]
[Round "5.3"]
[White "Breuer, Harald"]
[Black "Anisheva, Varvara"]
[Result "1/2-1/2"]
[WhiteElo "1763"]
[BlackElo "1949"]
[PlyCount "29"]
[EventDate "2024.09.15"]
[EventType "team-tourn"]
[EventRounds "9"]
[WhiteTeam "SV Ammern"]
[BlackTeam "SC 1951 Nordhausen"]

{[%evp 0,29,29,18,51,6,19,6,5,20,33,8,13,-13,0,2,0,-48,8,13,-7,-24,54,32,25,18,13,14,17,-5,11,-18]} 1. e4 c5 2. c3 Nf6 3. e5 Nd5 4. d4 cxd4 5. cxd4 d6 6. exd6 Qxd6 7. Nf3 Nc6 8. Be2 Qb4+ 9. Qd2 Qxd2+ 10. Bxd2 Ndb4 11. Na3 Bf5 12. O-O a6 13. Bc3 e6 14. Nc4 Nd5 15. Bd2 1/2-1/2

[Event "Landesklasse West 2024/25"]
[Site "?"]
[Date "2025.01.19"]
[Round "5.4"]
[White "Wabersich, Titus"]
[Black "Hentrich, Jörg"]
[Result "1-0"]
[WhiteElo "1599"]
[BlackElo "1769"]
[PlyCount "41"]
[EventDate "2024.09.15"]
[EventType "team-tourn"]
[EventRounds "9"]
[WhiteTeam "SC 1951 Nordhausen"]
[BlackTeam "SV Ammern"]

{[%evp 0,41,29,29,29,20,77,75,75,68,75,45,69,51,47,28,31,15,26,-1,28,4,11,6,25,24,15,2,16,14,20,20,43,36,32,113,341,362,476,489,29989,29990,29997,29998]} 1. d4 Nf6 2. Nc3 g6 3. e4 d6 4. Bc4 Bg7 5. Be3 a6 6. Be2 O-O 7. h4 h5 8. f3 e5 9. d5 b5 10. Qd2 b4 11. Nd1 a5 12. Nf2 Ba6 13. g4 Nbd7 14. Bxa6 Rxa6 15. Ne2 Nc5 16. Ng3 c6 17. gxh5 gxh5 18. Bh6 Bxh6 19. Qxh6 Ne8 20. Rg1 f6 21. Nf5+ 1-0

[Event "Landesklasse West 2024/25"]
[Site "?"]
[Date "2025.01.19"]
[Round "5.5"]
[White "Hensel, Thomas"]
[Black "Rohde, Ragnar"]
[Result "1/2-1/2"]
[WhiteElo "1612"]
[BlackElo "1596"]
[PlyCount "59"]
[EventDate "2024.09.15"]
[EventType "team-tourn"]
[EventRounds "9"]
[WhiteTeam "SV Ammern"]
[BlackTeam "SC 1951 Nordhausen"]

{[%evp 0,59,29,-12,-9,-33,-33,-34,16,1,31,31,51,34,46,33,26,26,17,17,17,-11,42,49,38,34,13,9,9,-16,-13,3,29,-18,-33,-25,14,-46,-43,-24,-28,-40,-2,0,36,30,59,20,62,62,79,0,69,-122,-109,-133,79,69,89,90,77,57]} 1. c4 e5 2. g3 Nf6 3. Bg2 c6 4. d4 Bb4+ 5. Nc3 Qa5 6. dxe5 Bxc3+ 7. bxc3 Qxc3+ 8. Bd2 Qxe5 9. Nf3 Qe7 10. Bf4 Qb4+ 11. Nd2 O-O 12. O-O d5 13. Rb1 Qe7 14. Bg5 Rd8 15. cxd5 cxd5 16. Qc2 Nc6 17. e4 Be6 18. Bxf6 gxf6 19. exd5 Bxd5 20. Rfe1 Qd7 21. Ne4 Bxe4 22. Bxe4 Nd4 23. Qb2 Qg4 24. Qxb7 Rab8 25. Qc7 Rbc8 26. Qe7 Re8 27. Qb7 Rb8 28. Qxb8 Rxb8 29. Rxb8+ Kg7 30. Bg2 1/2-1/2

[Event "Landesklasse West 2024/25"]
[Site "?"]
[Date "2025.01.19"]
[Round "5.6"]
[White "Gülsdorff, Florian"]
[Black "Schorch, Rüdiger"]
[Result "0-1"]
[WhiteElo "1590"]
[BlackElo "1919"]
[PlyCount "116"]
[EventDate "2024.09.15"]
[EventType "team-tourn"]
[EventRounds "9"]
[WhiteTeam "SC 1951 Nordhausen"]
[BlackTeam "SV Ammern"]

{[%evp 0,116,29,29,29,19,21,21,61,4,35,30,45,34,29,24,30,23,36,0,0,0,2,5,2,0,1,-3,0,9,23,-28,14,-15,-17,-18,-18,-38,-34,-56,-44,-34,-27,-40,-14,12,75,73,67,67,60,62,82,32,6,7,13,2,14,-8,-10,-17,-28,-24,-11,-110,-116,-121,-119,-99,-120,-117,-118,-120,-123,-137,-120,-116,-110,-113,-128,-213,-132,-201,-161,-195,-195,-207,-185,-192,-162,-192,-219,-219,-236,-219,-196,-196,-194,-313,-353,-451,-333,-661,-596,-605,-633,-633,-647,-649,-649,-649,-574,-570,-648,-645,-525,-800,-1096]} 1. d4 d5 2. Bf4 Nf6 3. e3 c6 4. h3 Bf5 5. Nf3 Qb6 6. Qc1 e6 7. Be2 Nbd7 8. Nbd2 Be7 9. c3 O-O 10. O-O c5 11. Nh4 Be4 12. f3 Bf5 13. Nxf5 exf5 14. Bd3 g6 15. Bg5 Rac8 16. Rb1 Rfe8 17. Qd1 Kg7 18. Bh4 Bd6 19. Bf2 c4 20. Bc2 Qc7 21. Re1 Nh5 22. f4 b5 23. Bxf5 Nhf6 24. Bc2 b4 25. Ba4 Re6 26. Bxd7 Qxd7 27. Qc2 a5 28. Bh4 Ne4 29. Nxe4 Rxe4 30. Re2 Rce8 31. Rbe1 Qb5 32. Bf2 b3 33. axb3 cxb3 34. Qd2 Bxf4 35. Ra1 a4 36. Ree1 Bd6 37. Qe2 Qc6 38. Qd3 Ra8 39. Reb1 Bc7 40. Be1 Qe8 41. Bd2 Qc6 42. Qf1 Qd6 43. Qf3 Re6 44. Qf4 Qc6 45. Qh4 Qd6 46. Qf4 Qd8 47. Qg4 h5 48. Qe2 Qd6 49. g4 hxg4 50. hxg4 Re4 51. Qg2 Qd7 52. Qf3 Rxg4+ 53. Kf2 Rg3 54. Qxg3 Bxg3+ 55. Kxg3 Rh8 56. Rh1 Rxh1 57. Rxh1 Qf5 58. Rc1 Qd3 0-1

[Event "Landesklasse West 2024/25"]
[Site "?"]
[Date "2025.01.19"]
[Round "5.7"]
[White "Langer, Günther"]
[Black "Schimm, Justin"]
[Result "0-1"]
[WhiteElo "1365"]
[BlackElo "1392"]
[PlyCount "54"]
[EventDate "2024.09.15"]
[EventType "team-tourn"]
[EventRounds "9"]
[WhiteTeam "SV Ammern"]
[BlackTeam "SC 1951 Nordhausen"]

{[%evp 0,54,29,43,24,42,19,14,75,80,177,75,220,52,60,-37,-32,-23,10,-17,24,-70,-86,-96,-76,-72,-28,-44,-22,-9,-16,-7,0,-60,-59,-102,-121,-505,-507,-512,-273,-314,-332,-455,-501,-503,-581,-589,-655,-763,-523,-1021,-1103,-1772,-1676,-3244,-29992]} 1. e4 e5 2. Nf3 Nc6 3. Bc4 f5 4. d3 Bc5 5. O-O f4 6. Kh1 d6 7. Ng1 Nf6 8. a3 g5 9. c3 h5 10. Bb5 Bd7 11. Bxc6 Bxc6 12. Nd2 Ng4 13. Qe2 Qf6 14. b4 Bb6 15. a4 a6 16. Ndf3 Nh6 17. h3 g4 18. hxg4 hxg4 19. Nh2 Bxf2 20. Rxf2 g3 21. Rf1 Ng4 22. Nh3 Nxh2 23. Rd1 Bd7 24. d4 Bxh3 25. gxh3 f3 26. Qe3 Ng4 27. Qg5 Nf2+ 0-1

[Event "Landesklasse West 2024/25"]
[Site "?"]
[Date "2025.01.19"]
[Round "5.1"]
[White "Kachel, Alfred"]
[Black "Tuhacek, Christian"]
[Result "1/2-1/2"]
[WhiteElo "1860"]
[BlackElo "1878"]
[PlyCount "54"]
[EventDate "2024.09.15"]
[EventType "team-tourn"]
[EventRounds "9"]
[WhiteTeam "SC Rochade Leinefelde"]
[BlackTeam "VfB 1919 Vacha"]

{[%evp 0,54,24,15,27,27,43,34,34,38,38,32,24,27,56,48,50,59,60,56,77,39,53,54,55,55,53,46,41,33,37,12,32,35,57,46,40,31,46,37,82,82,105,105,104,81,105,86,94,89,103,65,52,65,54,50,67]} 1. d4 Nf6 2. Nf3 g6 3. c4 Bg7 4. Nc3 O-O 5. e4 d6 6. h3 Nc6 7. Bg5 h6 8. Be3 Nd7 9. Qd2 Kh7 10. g4 e5 11. d5 Ne7 12. Bd3 a5 13. Bc2 b6 14. O-O-O Nc5 15. Ne1 Bd7 16. Nd3 Qe8 17. Nxc5 bxc5 18. a4 Qb8 19. Nb5 Bxb5 20. cxb5 Nc8 21. b3 Nb6 22. Bd3 Rh8 23. Rdf1 Kg8 24. Qe1 Bf6 25. Bd2 Bg5 26. h4 Bxd2+ 27. Qxd2 Qd8 1/2-1/2

[Event "Landesklasse West 2024/25"]
[Site "?"]
[Date "2025.01.19"]
[Round "5.2"]
[White "Meyer, Thomas"]
[Black "Meitzner, Jonathan Franz"]
[Result "0-1"]
[WhiteElo "1930"]
[BlackElo "1760"]
[PlyCount "98"]
[EventDate "2024.09.15"]
[EventType "team-tourn"]
[EventRounds "9"]
[WhiteTeam "VfB 1919 Vacha"]
[BlackTeam "SC Rochade Leinefelde"]

{[%evp 0,98,24,-15,-27,-26,23,3,5,-38,22,6,26,15,23,19,19,11,5,-15,9,7,16,17,-2,-3,14,-26,33,-18,-12,-20,-15,-67,-45,-45,-33,-33,-34,-23,-23,-23,-50,-42,-31,-89,-50,-54,-75,-71,-60,-292,-292,-289,-345,-302,-299,-526,-301,-492,-514,-509,-250,-324,-320,-380,-380,-380,-387,-375,-497,-523,-453,-465,-501,-523,-531,-519,-519,-543,-404,-439,-353,-500,-500,-502,-514,-537,-535,-539,-552,-661,-616,-637,-592,-697,-705,-800,-814,-823,-833]} 1. c4 e5 2. Nc3 d6 3. e4 c5 4. g3 g6 5. Bg2 Bg7 6. Nge2 Ne7 7. O-O O-O 8. d3 Nbc6 9. h3 Be6 10. Nd5 Qd7 11. Kh2 f5 12. f4 Rab8 13. a4 Nd4 14. Nxe7+ Qxe7 15. Nxd4 cxd4 16. b4 fxe4 17. Bxe4 Qd7 18. Bg2 d5 19. c5 e4 20. dxe4 dxe4 21. Bxe4 Bxh3 22. Rf2 Bg4 23. Qd3 Bf5 24. Re2 Rbe8 25. Bb2 Bxe4 26. Rxe4 Rxe4 27. Qxe4 Re8 28. Qd3 Qd5 29. g4 Re3 30. Qf1 d3 31. Bxg7 Re2+ 32. Kg3 Re3+ 33. Kh2 Kxg7 34. Ra3 Re2+ 35. Kg3 d2 36. Qxe2 d1=Q 37. Qe7+ Qf7 38. Qe5+ Kg8 39. Re3 Qd8 40. b5 Qff6 41. g5 Qxe5 42. Rxe5 Qd3+ 43. Kg4 Qd1+ 44. Kg3 Qxa4 45. f5 Qb3+ 46. Kf4 Qb4+ 47. Re4 Qxc5 48. f6 Qf5+ 49. Ke3 Qxg5+ 0-1

[Event "Landesklasse West 2024/25"]
[Site "?"]
[Date "2025.01.19"]
[Round "5.3"]
[White "Pfitzenreuter, Gerald"]
[Black "Korn, Kevin"]
[Result "1-0"]
[WhiteElo "1863"]
[BlackElo "1570"]
[PlyCount "89"]
[EventDate "2024.09.15"]
[EventType "team-tourn"]
[EventRounds "9"]
[WhiteTeam "SC Rochade Leinefelde"]
[BlackTeam "VfB 1919 Vacha"]

{[%evp 0,89,24,15,59,63,69,69,69,45,70,69,69,19,64,94,67,43,91,73,85,89,65,73,76,71,91,110,77,61,138,136,138,130,124,108,87,90,88,77,97,71,62,61,83,82,88,91,95,65,138,145,155,150,178,157,178,142,185,188,199,140,199,228,229,239,317,268,304,296,323,323,361,221,223,272,273,278,301,312,383,314,314,321,350,381,539,594,760,1016,1016,1016]} 1. d4 f5 2. Nc3 Nf6 3. Bg5 e6 4. e4 h6 5. Bxf6 Qxf6 6. exf5 Bb4 7. Qh5+ Kd8 8. Bd3 d6 9. Nge2 exf5 10. O-O Bxc3 11. bxc3 g6 12. Qf3 Nd7 13. Nf4 Nb6 14. Rfe1 c6 15. d5 Qxc3 16. dxc6 Qxc6 17. Qxc6 bxc6 18. Nxg6 Rh7 19. Nf4 Kc7 20. Re3 Na4 21. Rae1 Nc5 22. Re7+ Rxe7 23. Rxe7+ Bd7 24. g3 Kb6 25. Rh7 Re8 26. Rxh6 Nxd3 27. cxd3 Re1+ 28. Kg2 Kc7 29. Rh7 a5 30. Nh5 Re6 31. h4 c5 32. Nf4 Re5 33. Ng6 Re8 34. h5 Kd8 35. h6 f4 36. Rxd7+ Kxd7 37. h7 Ke6 38. h8=Q Rxh8 39. Nxh8 Kf6 40. Kf3 fxg3 41. fxg3 d5 42. Kf4 Kg7 43. Ke5 c4 44. dxc4 dxc4 45. Kd4 1-0

[Event "Landesklasse West 2024/25"]
[Site "?"]
[Date "2025.01.19"]
[Round "5.4"]
[White "Laut, Martin"]
[Black "Hellrung, Bernhard"]
[Result "0-1"]
[WhiteElo "1539"]
[BlackElo "1774"]
[PlyCount "76"]
[EventDate "2024.09.15"]
[EventType "team-tourn"]
[EventRounds "9"]
[WhiteTeam "VfB 1919 Vacha"]
[BlackTeam "SC Rochade Leinefelde"]

{[%evp 0,76,24,9,74,75,78,34,40,1,12,7,45,30,35,16,54,30,36,-9,34,23,13,4,3,-15,-36,-32,-36,-36,-6,-117,-90,-95,-93,-112,-25,-60,-55,-72,-83,-178,-188,-148,-104,-203,-142,-173,-177,-285,-288,-303,-314,-294,-316,-307,-312,-319,-329,-538,-545,-535,-544,-648,-645,-648,-673,-753,-562,-577,-575,-582,-588,-592,-592,-615,-615,-1280,-1464]} 1. e4 d6 2. Nf3 Nf6 3. d3 g6 4. c4 Bg7 5. Nc3 c6 6. Be2 O-O 7. O-O Nbd7 8. Qc2 e5 9. Bg5 Qc7 10. Rab1 a5 11. a3 Nc5 12. b4 axb4 13. axb4 Ne6 14. Be3 Ng4 15. h3 Nxe3 16. fxe3 Bh6 17. Qd2 Nd4 18. Kh1 Be6 19. b5 Ra3 20. Bd1 Qa5 21. Rc1 Ra8 22. Qe1 Qb4 23. bxc6 bxc6 24. Nb1 Qxe1 25. Nxe1 Ra1 26. Nc2 Nxc2 27. Bxc2 Bxe3 28. Rcd1 R1a2 29. Bb3 Rb2 30. Rf3 Bh6 31. Nc3 Rxb3 32. Ne2 Ra2 33. Nc1 Bxc1 34. Rxc1 Rbb2 35. Rg3 Ra3 36. Rf3 Rd2 37. Kh2 Raxd3 38. c5 Rxf3 0-1

[Event "Landesklasse West 2024/25"]
[Site "?"]
[Date "2025.01.19"]
[Round "5.5"]
[White "Frank, Thomas"]
[Black "Schubert, Ralf"]
[Result "1-0"]
[WhiteElo "1816"]
[BlackElo "1400"]
[PlyCount "27"]
[EventDate "2024.09.15"]
[EventType "team-tourn"]
[EventRounds "9"]
[WhiteTeam "SC Rochade Leinefelde"]
[BlackTeam "VfB 1919 Vacha"]

{[%evp 0,27,19,31,43,-4,-14,-12,84,4,7,7,29,9,153,85,85,8,50,52,174,161,200,200,197,230,222,195,228,153]} 1. d4 d5 2. c4 Nf6 3. Nc3 Bf5 4. Nf3 e6 5. Qb3 b6 6. Bg5 dxc4 7. Qxc4 Be7 8. g3 Nbd7 9. Bg2 a5 10. Ne5 O-O 11. Nc6 Qe8 12. Nxe7+ Qxe7 13. Bxa8 Rxa8 14. e4 1-0

[Event "Landesklasse West 2024/25"]
[Site "?"]
[Date "2025.01.19"]
[Round "5.6"]
[White "Bock, Hans-Juergen"]
[Black "Meitzner, Johan Eduard"]
[Result "0-1"]
[WhiteElo "1372"]
[BlackElo "1662"]
[PlyCount "58"]
[EventDate "2024.09.15"]
[EventType "team-tourn"]
[EventRounds "9"]
[WhiteTeam "VfB 1919 Vacha"]
[BlackTeam "SC Rochade Leinefelde"]

{[%evp 0,58,31,28,66,54,86,67,53,53,33,21,53,43,68,69,59,36,70,53,64,30,24,4,8,10,2,16,8,8,3,-14,-26,-28,-25,-41,-23,-20,-7,-156,-172,-254,-309,-317,-324,-417,-440,-453,-413,-424,-381,-380,-327,-366,-361,-469,-462,-461,-463,-461,-461]} 1. e4 c5 2. Nf3 d6 3. d4 cxd4 4. Nxd4 Nf6 5. Nc3 a6 6. Bg5 e6 7. Be2 Be7 8. O-O Nc6 9. Nxc6 bxc6 10. Kh1 O-O 11. Qe1 d5 12. e5 Nd7 13. Bxe7 Qxe7 14. f4 Bb7 15. Rf3 c5 16. Rh3 d4 17. Bd3 f5 18. exf6 Nxf6 19. Qh4 dxc3 20. bxc3 g6 21. Re1 Nd5 22. Qg4 Nxf4 23. Rg3 Nxd3 24. cxd3 Qf6 25. h4 Qf5 26. Qe2 Rf6 27. Rg5 Qh3+ 28. Kg1 Qxh4 29. Rg4 Qh5 0-1

[Event "Landesklasse West 2024/25"]
[Site "?"]
[Date "2025.01.19"]
[Round "5.7"]
[White "Gast, Rainer"]
[Black "Stepper, Matthias"]
[Result "1-0"]
[WhiteElo "1913"]
[BlackElo "1575"]
[PlyCount "47"]
[EventDate "2024.09.15"]
[EventType "team-tourn"]
[EventRounds "9"]
[WhiteTeam "SC Rochade Leinefelde"]
[BlackTeam "VfB 1919 Vacha"]

{[%evp 0,47,35,30,20,-12,24,22,42,-29,7,-2,26,15,48,33,41,18,35,20,84,49,50,42,49,52,74,73,99,95,95,90,92,86,84,53,50,48,391,393,531,541,618,617,635,646,647,647,726,744]} 1. d4 d5 2. c4 c6 3. Nc3 Nf6 4. Bg5 Nbd7 5. e3 e6 6. Nf3 Be7 7. Rc1 O-O 8. Qc2 a6 9. a3 Re8 10. cxd5 exd5 11. Bd3 g6 12. O-O Ng4 13. Bf4 Kg7 14. h3 Ngf6 15. Na4 a5 16. Rfd1 Bf8 17. Nc5 Nxc5 18. dxc5 Ne4 19. Bxe4 Rxe4 20. Qxe4 dxe4 21. Rxd8 exf3 22. Be5+ f6 23. Bd6 Bxd6 24. cxd6 1-0

[Event "Landesklasse West 2024/25"]
[Site "?"]
[Date "2025.01.19"]
[Round "5.8"]
[White "Marschall, Andreas"]
[Black "Körner, Jonas"]
[Result "0-1"]
[WhiteElo "1536"]
[BlackElo "1583"]
[PlyCount "54"]
[EventDate "2024.09.15"]
[EventType "team-tourn"]
[EventRounds "9"]
[WhiteTeam "VfB 1919 Vacha"]
[BlackTeam "SC Rochade Leinefelde"]

{[%evp 0,54,38,20,38,-12,51,37,32,4,10,4,19,25,21,17,30,24,31,28,2,-22,-18,-38,-33,-19,-13,-36,-18,-18,-12,-30,-31,-94,-78,-81,-66,-55,-60,-38,-7,-92,-88,-301,-284,-298,-302,-29989,-29990,-29991,-29992,-29995,-29996,-29997,-29998,-29999,-29998]} 1. d4 Nf6 2. c4 g6 3. Nf3 Bg7 4. e3 O-O 5. Nc3 d5 6. Be2 b6 7. b4 a5 8. b5 c5 9. Bb2 cxd4 10. Nxd4 dxc4 11. Bxc4 Qc7 12. Qb3 Bb7 13. O-O Ng4 14. g3 Ne5 15. Bd5 Nbd7 16. a4 Nc5 17. Qa2 Ncd3 18. Rad1 Nxb2 19. Qxb2 Rac8 20. Bxb7 Qxb7 21. Qb3 Rxc3 22. Qxc3 Nf3+ 23. Kg2 Nh4+ 24. Kh3 Qg2+ 25. Kxh4 Bf6+ 26. Kg4 h5+ 27. Kf4 g5+ 0-1

[Event "Landesklasse West 2024/25"]
[Site "?"]
[Date "2025.01.19"]
[Round "5.1"]
[White "Messerschmidt, Nick"]
[Black "Minor, Viatcheslav"]
[Result "1-0"]
[WhiteElo "1959"]
[BlackElo "1960"]
[PlyCount "51"]
[EventDate "2024.09.15"]
[EventType "team-tourn"]
[EventRounds "9"]
[WhiteTeam "SG Barchfeld/Breitungen"]
[BlackTeam "SV Wartburgstadt Eisenach"]

1. d4 d6 2. e4 g6 3. Nf3 Bg7 4. Be3 Nf6 5. Nc3 a6 6. h3 b5 7. Bd3 Bb7 8. Nd2 e5 9. dxe5 dxe5 10. Qf3 O-O 11. Nb3 Nc6 12. Rd1 Nd4 13. Qg3 Nh5 14. Qh2 Qe7 15. Na5 Bc8 16. Nd5 Qd6 17. c3 Ne6 18. Be2 Qd8 19. Bxh5 gxh5 20. Qg3 h4 21. Qf3 Ng5 22. Qh5 Nxe4 23. Nc6 Qe8 24. Nce7+ Kh8 25. Qxh4 Nf6 26. Nxf6 1-0

[Event "Landesklasse West 2024/25"]
[Site "?"]
[Date "2025.01.19"]
[Round "5.2"]
[White "Mutka, Oleksandr"]
[Black "Theer, Tino"]
[Result "1-0"]
[WhiteElo "1791"]
[BlackElo "1762"]
[PlyCount "61"]
[EventDate "2024.09.15"]
[EventType "team-tourn"]
[EventRounds "9"]
[WhiteTeam "SV Wartburgstadt Eisenach"]
[BlackTeam "SG Barchfeld/Breitungen"]

1. e4 c5 2. Nc3 Nc6 3. Bb5 d6 4. Bxc6+ bxc6 5. f4 g6 6. Nf3 Bg7 7. O-O e6 8. b3 Ne7 9. Bb2 O-O 10. Na4 Ba6 11. Bxg7 Kxg7 12. c4 Qa5 13. Qc2 d5 14. d3 d4 15. g4 Bc8 16. e5 Bd7 17. Ng5 Rh8 18. Ne4 h5 19. Naxc5 Qc7 20. h3 hxg4 21. hxg4 Rh4 22. Nf6 Rah8 23. Qg2 Rh1+ 24. Qxh1 Rxh1+ 25. Kxh1 Qa5 26. Ncxd7 Qd2 27. Rf3 g5 28. f5 exf5 29. gxf5 Nxf5 30. Rxf5 Qe3 31. Rxg5+ 1-0

[Event "Landesklasse West 2024/25"]
[Site "?"]
[Date "2025.01.19"]
[Round "5.3"]
[White "Crivellaro, Heiko"]
[Black "Neef, Michael"]
[Result "1/2-1/2"]
[WhiteElo "1821"]
[BlackElo "1778"]
[PlyCount "71"]
[EventDate "2024.09.15"]
[EventType "team-tourn"]
[EventRounds "9"]
[WhiteTeam "SG Barchfeld/Breitungen"]
[BlackTeam "SV Wartburgstadt Eisenach"]

1. f4 d5 2. Nf3 Nf6 3. e3 g6 4. Be2 Bg7 5. O-O O-O 6. d3 Bg4 7. Nbd2 c5 8. Qe1 Nc6 9. c3 Qc7 10. Ng5 Bxe2 11. Qxe2 h6 12. Nh3 e6 13. e4 dxe4 14. dxe4 Rad8 15. Re1 Qd7 16. e5 Nd5 17. Ne4 b6 18. a3 Qc7 19. Bd2 Rd7 20. Rad1 Rfd8 21. Bc1 Nde7 22. Nhf2 Rxd1 23. Rxd1 Rxd1+ 24. Qxd1 Qd8 25. Qf3 Nc8 26. Ng4 Na5 27. h3 Nb3 28. Be3 c4 29. Ngf2 Ne7 30. Nd6 Qc7 31. Qa8+ Kh7 32. Qe4 Nf5 33. Nxc4 Nxe3 34. Nxe3 Bf8 35. Qc2 Na5 36. Ne4 1/2-1/2

[Event "Landesklasse West 2024/25"]
[Site "?"]
[Date "2025.01.19"]
[Round "5.4"]
[White "Arnold, Sebastian"]
[Black "Schmidt, Kevin"]
[Result "0-1"]
[WhiteElo "1678"]
[BlackElo "1620"]
[PlyCount "56"]
[EventDate "2024.09.15"]
[EventType "team-tourn"]
[EventRounds "9"]
[WhiteTeam "SV Wartburgstadt Eisenach"]
[BlackTeam "SG Barchfeld/Breitungen"]

1. c4 e6 2. e4 c5 3. Nc3 Nc6 4. g3 g6 5. Bg2 Bg7 6. Nge2 Nge7 7. O-O O-O 8. d3 a6 9. Be3 d6 10. Qd2 Rb8 11. a4 Nd4 12. Rab1 Nec6 13. Bxd4 Nxd4 14. Nxd4 Bxd4 15. Ne2 Bg7 16. b4 Qd7 17. b5 axb5 18. axb5 b6 19. Nc3 Bb7 20. f4 Ra8 21. Ra1 f5 22. exf5 Bd4+ 23. Kh1 Bxg2+ 24. Kxg2 Qb7+ 25. Kh3 Rxa1 26. Rxa1 Qf3 27. Kh4 Rxf5 28. g4 Bf2+ 0-1

[Event "Landesklasse West 2024/25"]
[Site "?"]
[Date "2025.01.19"]
[Round "5.5"]
[White "Ußfeller, Uwe"]
[Black "Graupner, Markus"]
[Result "1-0"]
[WhiteElo "1618"]
[BlackElo "1597"]
[PlyCount "33"]
[EventDate "2024.09.15"]
[EventType "team-tourn"]
[EventRounds "9"]
[WhiteTeam "SG Barchfeld/Breitungen"]
[BlackTeam "SV Wartburgstadt Eisenach"]

1. e4 d6 2. d4 Nf6 3. Nc3 c6 4. Nf3 Bg4 5. Bd3 e5 6. dxe5 dxe5 7. h3 Bxf3 8. Qxf3 Nbd7 9. O-O Qc7 10. Be3 Nc5 11. Rad1 Rd8 12. Bc4 Rxd1 13. Rxd1 b5 14. Nxb5 cxb5 15. Bxb5+ Ncd7 16. Qf5 g6 17. Qxf6 1-0